Music Quiz

Random Music or Clickable Quiz

BTS Songs According to Google Translate II Quiz Stats

 Plays Quiz not verified by Sporcle

Challenge
Share
Tweet
Embed
Score 0/20 Timer 04:00
1 Play Today
% Correct
2 cool 4 scream
94.6%
Miss light
93.4%
Boy meets the evil
92.7%
It is no longer a dream
92%
Additional notes: Do not walk alone
92%
Reflect
91.9%
We can see evidence PT2
91.6%
Today is
90.7%
I was wrong.
90.1%
Hawaii (52)
89.7%
% Correct
Love does not do too much
88.6%
I need a hit
88.2%
Boy boy
86.5%
Conclusion: Tsubasa
81.2%
Please tell us
79.4%
Top station
45.1%
It has been cut off
37.5%
City play
35.6%
It occurs
31.6%
However,
6.3%

You're not logged in!

Compare scores with friends on all Sporcle quizzes.
OR
Log In

You Might Also Like...

Show Comments

Extras

Top Quizzes Today


Score Distribution

Your Account Isn't Verified!

In order to create a playlist on Sporcle, you need to verify the email address you used during registration. Go to your Sporcle Settings to finish the process.

Report this User

Report this user for behavior that violates our Community Guidelines.

Details: